00783nam a22002057a 450000500170000001000150001702000260003203500140005803700130007208200160008524500550010126000330015627001030018930000240029250000500031670000200036694200300038699900190041695201420043520170718160235.0 aENG-119245 a9789385995217c995.00 aEN-102777 bDBAB/PUB a796.3580954 aHistory Indian cricket /cedited by Sangeeta Mohan aNew DelhibLenin Mediac2015 a204-205, IInd Floor, Durga Complex Centre Shoping Complex Mayur Vihar, Phase-IIbNew Delhie110091 avii,304p.c23cm(Hb) aIncludes bibliographical references and index a Sangeeta Mohan 2ddccENmHISh796.3580954 c142676d142676 001040718NFICaDBADbDBADd2017-07-18eDBAD/PUBg995.00l0o796.3580954 HISpEN-102777r2017-07-18 00:00:00t1v995.00w2017-07-18yEN